00606cam a2200193 a 45000010005000000030009000050050017000140080041000310200015000720400038000870820021001251000022001462450099001682500012002672600041002793000044003206500027003647000021003917008BD-DhUAP20210120121231.0210120s2000 enkabf b f000 0 eng  a0071092463 aBD-DhUAPcBD-DhUAPdBD-DhUAPbEng a658.1511 GAR223 aGarrison, Ray H.  aWorkbook/Study guide for use with managerial accounting /cRay H. Garrison and Eric W. Noreen. a9th ed. aBoston :bIrwin McGraw-Hill,cc2000. av, 253 pages :billustrations ;c27 cm. aManagerial accounting. aNoreen, Eric W.